Normal view
MARC view
Entry Personal Name
001 - CONTROL NUMBER
- control field: 36415
003 - CONTROL NUMBER IDENTIFIER
- control field: ARRUPE
005 - DATE AND TIME OF LATEST TRANSACTION
- control field: 20170927121858.0
008 - FIXED-LENGTH DATA ELEMENTS
- fixed length control field: 170927|| aca||aabn | a|a d
040 ## - CATALOGING SOURCE
- Original cataloging agency: ARRUPE
- Transcribing agency: ARRUPE
100 ## - HEADING--PERSONAL NAME
- Personal name: Clifford, James,
- Dates associated with a name: 1945-
670 ## - SOURCE DATA FOUND
- Source citation: Work cat.: (ARRUPE)12289: Clifford, James, 1945-, The predicament of culture :, 1988.